| 000 | 01273nam0a22002651 4500 | ||
|---|---|---|---|
| 001 | rc\3475790 | ||
| 005 | 20260407151754.0 | ||
| 021 |
_aRU _b[72-86422] |
||
| 035 | _a(NLR Aleph) 007642335 | ||
| 090 |
_a6139357 _c6139357 |
||
| 100 | _a20130115d1972 |||y0rusy50 ca | ||
| 101 | 0 | _arus | |
| 102 | _aRU | ||
| 105 | _ay z ||||| | ||
| 200 | 1 |
_aТезисы докладов _fИн-т проблем прочности АН УССР. Киев. политехн. ин-т им. 50-летия Великой Октябрьской соц. революции. IX совещ. по вопросам рассеяния энергии при колебаниях мех. систем. 22-24 сент. 1972 г. |
|
| 210 |
_aКиев _cБ. и. _d1972 |
||
| 215 |
_a61 с. _d20 |
||
| 320 | _aАвт. указ.: с. 59-61 | ||
| 606 |
_aУпругие системы _xКолебания _xРассеяние энергии _jТезисы докладов _2psbo |
||
| 710 | 1 | 2 |
_aНаучное совещание по вопросам рассеяния энергии при механических колебаниях _d9 _eКиев _f1972 _9684851 _3RU\NLR\AUTH\8810091793 |
| 801 | 0 |
_aRU _bNLR _gpsbo |
|
| 801 | 1 |
_aRU _bELAR _2rusmarc |
|
| 852 |
_aNLR _j72-4/30882 |
||
| 942 | _cBOOK | ||
| 980 | _aNB | ||